000 00404pab a2200169 454500
008 180718b2012 xxu||||| |||| 00| 0 eng d
100 _aKapoor, Mastram
245 _aPresidential election: An opportunity lost
260 _c2012
300 _ap.7-8.
362 _a7 Jul
650 _aIndia - President - Elections
650 _aPresidents
773 _aMainstream
908 _aN
909 _a96828
999 _c96828
_d96828